| 000 -LEADER |
| fixed length control field |
00549cam a2200181 a 4500 |
| 020 ## - INTERNATIONAL STANDARD BOOK NUMBER |
| ISBN |
0764107828 |
| 040 ## - CATALOGING SOURCE |
| Transcribing agency |
DLC |
| 082 00 - DEWEY DECIMAL CLASSIFICATION NUMBER |
| Classification number |
378 BAR 2000 A021 Or. |
| 100 1# - MAIN ENTRY--AUTHOR NAME |
| Personal name |
Green, Sharon, |
| 245 10 - TITLE STATEMENT |
| Title |
Pass key to the GRE TEST, Graduate Record Examination / |
| 246 3# - VARYING FORM OF TITLE |
| Title proper/short title |
Barron's pass key to the GRE, Graduate Record Examination |
| 250 ## - EDITION STATEMENT |
| Edition statement |
3rd ed. |
| 260 ## - PUBLICATION, DISTRIBUTION, ETC. (IMPRINT) |
| Place of publication |
Hauppauge, NY : |
| Name of publisher |
Barron's Educational Series, |
| Year of publication |
c2000. |
| 300 ## - PHYSICAL DESCRIPTION |
| Number of Pages |
vii, 344 p. : |
| Other physical details |
ill. ; |
| Dimensions |
22 cm. |
| 650 #0 - SUBJECT ADDED ENTRY--TOPICAL TERM |
| Topical Term |
Graduate Record Examination |
| 700 1# - ADDED ENTRY--PERSONAL NAME |
| Personal name |
Wolf, Ira K. |
| 942 ## - ADDED ENTRY ELEMENTS (KOHA) |
| Koha item type |
សៀវភៅភាសាអង់គ្លេស |
| 952 ## - LOCATION AND ITEM INFORMATION (KOHA) |
| Withdrawn status [LOCAL, KOHA] |
0 |